000 00762cam a22002413a 4500
001 4952
003 PGUSA
005 20140828083111.0
008 040101s2004||||xxu|||||s|||||000 | eng d
040 _aPGUSA
_beng
042 _adc
050 4 _aBV
100 1 _aYonge, Charlotte M.
_q(Charlotte Mary),
_d1823-1901
245 1 0 _aLife of John Coleridge Patteson :
_bMissionary Bishop of the Melanesian Islands
_h[electronic resource] /
_cCharlotte M. Yonge
260 _bProject Gutenberg,
_c2004
506 _aPublic domain in the USA.
516 _aElectronic text
653 _aPatteson, John Coleridge, 1827-1871
653 _aMissions -- Melanesia
830 0 _aProject Gutenberg
_v4952
856 4 0 _uhttp://www.gutenberg.org/ebooks/4952
942 _cEB
999 _c234281
_d234281